000 00639nam a2200229Ia 4500
008 160404s9999 xx 000 0 und d
020 _a971-11-1125-X
050 _aFIL HG 179
050 _b.M45 2001 c.1
100 _aMejorada, Nenita D.
245 _aInvestment management and personal finance /
245 _cNenita D. Mejorada.
260 _aQuezon City:
260 _bJMC Press Inc.,
260 _c2001
300 _a197 pages :
300 _billustrations ;
300 _c26 cm.
500 _aIncludes bibliographical references.
650 _aInvestments -- Management.
650 _xPersonal finance -- Management.
999 _c293281
_d293281